<?xml version="1.0" encoding="UTF-8"?>
<record
    xmlns:xsi="http://www.w3.org/2001/XMLSchema-instance"
    xsi:schemaLocation="http://www.loc.gov/MARC21/slim http://www.loc.gov/standards/marcxml/schema/MARC21slim.xsd"
    xmlns="http://www.loc.gov/MARC21/slim">

  <leader>02317ngm a2200397 u 4500</leader>
  <controlfield tag="001">1340051</controlfield>
  <controlfield tag="005">20260508084335.0</controlfield>
  <controlfield tag="007">vd||v</controlfield>
  <controlfield tag="008">130814e20080814                    spa  </controlfield>
  <datafield tag="035" ind1=" " ind2=" ">
    <subfield code="a">1340051</subfield>
  </datafield>
  <datafield tag="040" ind1=" " ind2=" ">
    <subfield code="c">comduadb</subfield>
  </datafield>
  <datafield tag="041" ind1=" " ind2=" ">
    <subfield code="a">spa</subfield>
  </datafield>
  <datafield tag="080" ind1=" " ind2=" ">
    <subfield code="a">V</subfield>
  </datafield>
  <datafield tag="110" ind1="2" ind2="0">
    <subfield code="a">Universidad de Antioquia.</subfield>
    <subfield code="b">Rector&#xED;a</subfield>
    <subfield code="4">aut</subfield>
    <subfield code="e">aut</subfield>
    <subfield code="9">827087</subfield>
  </datafield>
  <datafield tag="245" ind1="1" ind2="3">
    <subfield code="a">La fuerza de los argumentos : reforma a la universidad p&#xFA;blica</subfield>
  </datafield>
  <datafield tag="260" ind1=" " ind2=" ">
    <subfield code="a">Medell&#xED;n :</subfield>
    <subfield code="b">Universidad de Antioquia Televisi&#xF3;n,</subfield>
    <subfield code="c">2008.</subfield>
  </datafield>
  <datafield tag="300" ind1=" " ind2=" ">
    <subfield code="a">1 DVD (54 minutos) : sonido, color.</subfield>
  </datafield>
  <datafield tag="490" ind1="0" ind2=" ">
    <subfield code="a">La Fuerza de los Argumentos ;</subfield>
    <subfield code="v">175</subfield>
  </datafield>
  <datafield tag="520" ind1="3" ind2=" ">
    <subfield code="a">RESUMEN :"Estudiantes y directivos que representan a algunas de las universidades p&#xFA;blicas del pa&#xED;s argumentan sus opiniones de la reforma a la universidad p&#xFA;blica en este programa de opini&#xF3;n. Los ejecutivos plantean que la revoluci&#xF3;n de la educaci&#xF3;n superior debe estar acompa&#xF1;ada por una nueva cultura universitaria que transforme la actitud de la comunidad acad&#xE9;mica para producir profesionales investigadores. Por su parte, los estudiantes exigen que las academias mantengan su autonom&#xED;a frente al Gobierno y explican las razones por las cuales protestan. Un debate que hace un diagnostico constructivo del pasado, presente y futuro de las universidades p&#xFA;blicas."</subfield>
  </datafield>
  <datafield tag="650" ind1=" " ind2=" ">
    <subfield code="a">Reforma universitaria - Colombia</subfield>
    <subfield code="9">36815</subfield>
  </datafield>
  <datafield tag="650" ind1=" " ind2="7">
    <subfield code="a">Universidades p&#xFA;blicas</subfield>
    <subfield code="z">Colombia</subfield>
    <subfield code="2">lemb</subfield>
    <subfield code="9">105761</subfield>
  </datafield>
  <datafield tag="650" ind1=" " ind2=" ">
    <subfield code="a">Universidades - Colombia - Aspectos sociales</subfield>
    <subfield code="9">42330</subfield>
  </datafield>
  <datafield tag="650" ind1=" " ind2=" ">
    <subfield code="a">Universidades - Presupuestos y costos</subfield>
    <subfield code="9">5176</subfield>
  </datafield>
  <datafield tag="650" ind1=" " ind2=" ">
    <subfield code="a">Universidad e investigaci&#xF3;n</subfield>
    <subfield code="9">8482</subfield>
  </datafield>
  <datafield tag="650" ind1=" " ind2=" ">
    <subfield code="a">Documental</subfield>
    <subfield code="9">33448</subfield>
  </datafield>
  <datafield tag="700" ind1="0" ind2="0">
    <subfield code="a">Canal U</subfield>
    <subfield code="4">pro</subfield>
    <subfield code="e">pro</subfield>
    <subfield code="9">588060</subfield>
  </datafield>
  <datafield tag="700" ind1="1" ind2="0">
    <subfield code="a">Dom&#xED;nguez G&#xF3;mez, Eduardo</subfield>
    <subfield code="4">nrt</subfield>
    <subfield code="0">(isni)0000000043189924</subfield>
    <subfield code="0">(viaf)24189253</subfield>
    <subfield code="e">nrt</subfield>
    <subfield code="9">252470</subfield>
  </datafield>
  <datafield tag="700" ind1="1" ind2="0">
    <subfield code="a">Londo&#xF1;o Restrepo, Guillermo</subfield>
    <subfield code="4">ive</subfield>
    <subfield code="e">ive</subfield>
    <subfield code="9">255221</subfield>
  </datafield>
  <datafield tag="700" ind1="1" ind2="0">
    <subfield code="a">Almario Garc&#xED;a, &#xD3;scar</subfield>
    <subfield code="4">ive</subfield>
    <subfield code="0">(isni)0000 0004 5304 9764</subfield>
    <subfield code="0">(viaf)66418697</subfield>
    <subfield code="e">ive</subfield>
    <subfield code="9">471838</subfield>
  </datafield>
  <datafield tag="700" ind1="1" ind2="0">
    <subfield code="a">Botero Sierra, Santiago</subfield>
    <subfield code="4">ive</subfield>
    <subfield code="e">ive</subfield>
    <subfield code="9">676510</subfield>
  </datafield>
  <datafield tag="710" ind1="2" ind2="0">
    <subfield code="a">Universidad de Antioquia. Departamento de Servicios Audiovisuales</subfield>
    <subfield code="4">aut</subfield>
    <subfield code="e">aut</subfield>
    <subfield code="9">830268</subfield>
  </datafield>
  <datafield tag="710" ind1="0" ind2="0">
    <subfield code="a">Universidad de Antioquia. Facultad de Comunicaciones</subfield>
    <subfield code="4">aut</subfield>
    <subfield code="e">aut</subfield>
  </datafield>
  <datafield tag="710" ind1="1" ind2="0">
    <subfield code="a">Universidad de Antioquia.</subfield>
    <subfield code="b">Instituto de Filosof&#xED;a</subfield>
    <subfield code="4">aut</subfield>
    <subfield code="e">aut</subfield>
    <subfield code="9">825552</subfield>
  </datafield>
  <datafield tag="710" ind1="2" ind2="0">
    <subfield code="a">Telemedellin</subfield>
    <subfield code="4">pro</subfield>
    <subfield code="e">pro</subfield>
    <subfield code="9">827220</subfield>
  </datafield>
  <datafield tag="942" ind1=" " ind2=" ">
    <subfield code="c">BOOK</subfield>
  </datafield>
  <datafield tag="999" ind1=" " ind2=" ">
    <subfield code="c">659545</subfield>
    <subfield code="d">659545</subfield>
  </datafield>
  <datafield tag="952" ind1=" " ind2=" ">
    <subfield code="0">0</subfield>
    <subfield code="1">0</subfield>
    <subfield code="4">0</subfield>
    <subfield code="7">0</subfield>
    <subfield code="8">AUDIOBC</subfield>
    <subfield code="a">BC</subfield>
    <subfield code="b">BC</subfield>
    <subfield code="d">2013-08-14</subfield>
    <subfield code="e">Material adquirido por donaci&#xF3;n</subfield>
    <subfield code="i">C1184174</subfield>
    <subfield code="l">0</subfield>
    <subfield code="o">V-00697 DVD175</subfield>
    <subfield code="p">0981633</subfield>
    <subfield code="r">2023-05-02 00:00:00</subfield>
    <subfield code="t">1</subfield>
    <subfield code="w">2023-05-02</subfield>
    <subfield code="y">DIGITAL</subfield>
  </datafield>
</record>
